Most Populated '-IA' Countries Quiz Stats

Quiz Updated Sep 7, 2017

Challenge
Share
Tweet
Embed
Score 0/20 Timer 05:00
12 Plays Today
Rank Country % Correct
2India
96.2%
9Russia
87.4%
4Indonesia
84.3%
56Australia
83.3%
7Nigeria
75.6%
95Austria
67.6%
33Algeria
67.5%
41Malaysia
66.9%
29Colombia
65.5%
58Romania
64.7%
Rank Country % Correct
12Ethiopia
62.2%
47Saudi Arabia
59.8%
26Tanzania
56.3%
83Somalia
55.3%
68Cambodia
54.5%
81Bolivia
54%
63Syria
51%
79Tunisia
50.5%
69Zambia
48.2%
87Czechia
40.5%

You're not logged in!

Compare scores with friends on all Sporcle quizzes.
Sign Up with Email
OR
Log In

You Might Also Like...

Show Comments

Extras

Top Quizzes Today


Score Distribution

Your Account Isn't Verified!

In order to create a playlist on Sporcle, you need to verify the email address you used during registration. Go to your Sporcle Settings to finish the process.